Aku bukan Hisyam

Bibliographic Details
Main Author: Silzack Khairul
Format: Book
Published: Bandar Baru Bangi : KarnaDya Solutions Sdn. Bhd. , 2008
Subjects:

MARC

LEADER 00000cam a2200000 7i4500
001 0000140806
005 20100722.0
020 |a 9789833316649 
090 0 0 |a F   |b SIL 
100 0 |a Silzack Khairul 
245 1 0 |a Aku bukan Hisyam   |c Silzack Khairul 
260 |a Bandar Baru Bangi :   |b KarnaDya Solutions Sdn. Bhd. ,   |c 2008 
300 |a 248p. ;   |c 19cm. 
650 0 0 |a Malay fiction 
999 |a 00236398   |b BUKU   |c PINJAMAN   |e PERPUSTAKAAN KOMUNITI PETALING JAYA